000 01171cam a2200349 a 4500
001 564
005 20230616134703.0
008 020201s2002 nyua b 000 1 eng
020 _a0375806148 (pbk.)
020 _a0375906142
040 _aDLC
_cDLC
_dDLC
050 0 0 _aPZ7.O81167
_bGo 2002
082 0 0 _a[Fic]
_221
100 1 _aOsborne, Mary Pope.
245 1 0 _aGood morning, gorillas /
_cby Mary Pope Osborne ; illustrated by Sal Murdocca.
260 _aNew York :
_bScholastic.
_c2002.
300 _a71 pages :
_billustrations ;
_c20 cm.
490 1 _aMagic tree house ;
_v#26
500 _aA stepping stone book.
505 _aK
520 _aThe magic tree house takes Jack and Annie to an African rainforest, where the siblings encounter gorillas and learn to communicate with them.
521 _a510
_bLexile
521 _aK
_bRaz-Plus
650 1 _aGorilla
_vFiction.
650 1 _aHuman-animal communication
_vFiction.
650 1 _aTime travel
_vFiction.
650 1 _aMagic
_vFiction.
650 1 _aTree houses
_vFiction.
700 1 _aMurdocca, Sal,
_eillustrator
906 _a7
_bcbc
_corignew
_d1
_eocip
_f20
_gy-gencatlg
942 _2ddc
_cBK
_n0
999 _c564
_d564